00375nam a2200097Ia 4500008004100000041000800041100002200049245003000071999001900101952015700120230411s9999 xx 000 0 und d aeng aKishore J9178206 aNational Health Programme c156570d156570 00104070aBTINbBTINd2010-02-20eB.J.Medical Co-oprative College Storesg700.00l0pBTIN-BK-6136r2023-04-11 00:00:00v700.00w2023-04-11yBKzB06136